[Event "4NCL Online Division 5"]
[Site "online"]
[Date "2021.10.05"]
[EventDate "2021.10.05"]
[Round "4.103"]
[White "Henbest, Kevin B"]
[WhiteElo "1571"]
[WhiteTeam "Oxford 4"]
[Black "Robertson, John"]
[BlackElo "1562"]
[BlackTeam "Dundee City D"]
[Result "1/2-1/2"]
[PlyCount "154"]

1. e4 e6 2. d4 c5 3. Nf3 cxd4 4. Nxd4 Bc5 5. Nc3 Qb6 6. Nce2 Nc6 7. c3 Nge7 8. b4 Bxd4 9. Nxd4 Nxd4 10. Qxd4 Qxd4 11. cxd4 Nc6 12. Bc4 Nxb4 13. O-O O-O 14. Bb2 Re8 15. a3 d5 16. Bb5 Nc6 17. Rfe1 Bd7 18. Rac1 a6 19. Bd3 Rac8 20. f4 dxe4 21. Bxe4 f5 22. Bf3 Kf7 23. Rc5 b6 24. Rcc1 Na5 25. d5 Rxc1 26. Rxc1 Rc8 27. Rd1 exd5 28. Bxd5+ Be6 29. Bf3 Nc4 30. Bc1 Rc7 31. a4 Na5 32. Be3 Nc4 33. Bf2 b5 34. axb5 axb5 35. Be1 Bd7 36. Rc1 Bc6 37. Be2 Bd5 38. Bb4 Ke6 39. Kf2 Kd7 40. Rd1 Kc6 41. Ra1 Kd7 42. Ra6 Bc6 43. g4 g6 44. gxf5 gxf5 45. Bf1 Ke6 46. Ra1 Nd6 47. Bh3 Ne4+ 48. Ke3 Rd7 49. Ra6 Rc7 50. Ra1 Bd5 51. Ra6+ Rc6 52. Ra7 Nc5 53. Rxh7 Rc8 54. Rh6+ Kf7 55. Bxf5 Re8+ 56. Kf2 Ne6 57. Rh7+ Kf6 58. Bc2 Nxf4 59. Bc3+ Ke6 60. Rh6+ Kd7 61. Bb4 Re2+ 62. Kg3 Rxc2 63. Kxf4 Rc4+ 64. Ke5 Rxb4 65. Kxd5 Rb2 66. Rh7+ Ke8 67. Kc5 b4 68. h4 b3 69. Kc4 Rb1 70. Kc3 Kf8 71. Rb7 Rh1 72. Rb4 Rh3+ 73. Kb2 Kg7 74. Rxb3 Rxb3+ 75. Kxb3 Kh6 76. Kc3 Kh5 77. Kd3 Kxh4 1/2-1/2

[Event "4NCL Online Division 5"]
[Site "online"]
[Date "2021.10.05"]
[EventDate "2021.10.05"]
[Round "4.104"]
[White "Sallai, Peter"]
[WhiteElo "1435"]
[WhiteTeam "Dundee City D"]
[Black "Kassey, Amaan"]
[BlackElo "1624"]
[BlackTeam "Oxford 4"]
[Result "0-1"]
[PlyCount "84"]

1. e4 c5 2. Nc3 Nc6 3. Bb5 e6 4. d3 Nge7 5. a4 a6 6. Bc4 h6 7. f4 d5 8. Bb3 dxe4 9. dxe4 Qxd1+ 10. Nxd1 Nd4 11. Be3 Nec6 12. Ne2 Nxb3 13. cxb3 Nb4 14. Kd2 b6 15. Ndc3 Bb7 16. Rad1 Be7 17. Rhf1 O-O 18. Kc1 Bc6 19. Kb1 Rfd8 20. Ng3 Rd3 21. Rxd3 Nxd3 22. Kc2 Rd8 23. Rd1 Nb4+ 24. Kc1 Rxd1+ 25. Nxd1 Bf6 26. e5 Be7 27. Bd2 Bxg2 28. Bxb4 cxb4 29. Kd2 Bd5 30. Kc2 g5 31. Ne2 Bf3 32. Nd4 Be4+ 33. Kd2 gxf4 34. Nf2 Bd5 35. Nd3 Bg5 36. Nxb4 f3+ 37. Ke1 Bh4+ 38. Kf1 Be4 39. Nxf3 Bxf3 40. Nxa6 Be4 41. b4 Bd3+ 42. Kg2 Bxa6 0-1

[Event "4NCL Online Division 5"]
[Site "online"]
[Date "2021.10.05"]
[EventDate "2021.10.05"]
[Round "4.111"]
[White "de Jonge, Henk"]
[WhiteElo "1945"]
[WhiteTeam "Cork"]
[Black "Badacsonyi, Stanley"]
[BlackElo "1605"]
[BlackTeam "MHJ Bishops"]
[Result "1/2-1/2"]
[PlyCount "71"]

1. d4 Nf6 2. c4 d6 3. Nf3 g6 4. Nc3 Bg7 5. e4 O-O 6. Be2 Nbd7 7. O-O e5 8. d5 Nc5 9. Qc2 a5 10. h3 Nfd7 11. g4 f5 12. exf5 gxf5 13. gxf5 e4 14. Nxe4 Nxe4 15. Qxe4 Nc5 16. Qh4 Bxf5 17. Bg5 Qe8 18. Rae1 Qg6 19. Kh2 Rae8 20. Rg1 Kh8 21. Be7 Qh6 22. Bxf8 Rxf8 23. Qxh6 Bxh6 24. Ng5 Bg6 25. f3 Bg7 26. b3 Bd4 27. Rg2 Re8 28. Rf1 h6 29. Ne6 Nxe6 30. dxe6 Rxe6 31. Bd1 Bd3 32. Rh1 Be5+ 33. Kg1 Bd4+ 34. Kh2 Be5+ 35. Kg1 Bd4+ 36. Kh2 1/2-1/2

[Event "4NCL Online Division 5"]
[Site "online"]
[Date "2021.10.05"]
[EventDate "2021.10.05"]
[Round "4.112"]
[White "Karia, Kamlesh"]
[WhiteElo "1560"]
[WhiteTeam "MHJ Bishops"]
[Black "Foran, Barry"]
[BlackElo "1498"]
[BlackTeam "Cork"]
[Result "1/2-1/2"]
[PlyCount "113"]

1. e4 c6 2. d4 d5 3. exd5 cxd5 4. Bd3 Nc6 5. c3 e5 6. dxe5 Nxe5 7. Qe2 Qe7 8. Be3 Nxd3+ 9. Qxd3 Nf6 10. Ne2 g6 11. O-O Bg7 12. Nd4 O-O 13. Nd2 Re8 14. h3 Ne4 15. Rfe1 Bd7 16. Nf1 Qh4 17. Nf3 Qh5 18. Kh2 Bxh3 19. Kg1 Qg4 20. Ng3 Nxg3 21. fxg3 Qxg3 22. Qf1 Bf5 23. Bf2 Qg4 24. Rxe8+ Rxe8 25. Bxa7 Qc4 26. Qxc4 dxc4 27. Re1 Rxe1+ 28. Nxe1 Bh6 29. Nf3 Bb1 30. b4 Bxa2 31. Bb6 Bg7 32. Bd4 Bxd4+ 33. Nxd4 f5 34. b5 Kf7 35. Kf2 Bb1 36. Ke3 Be4 37. g3 h5 38. Ne2 g5 39. Kd4 Bd3 40. Ng1 g4 41. Ke5 Ke7 42. b6 Kd7 43. Kd5 Be4+ 44. Kxc4 Kc6 45. Ne2 Kxb6 46. Nf4 Ka5 47. Nxh5 b5+ 48. Kd4 Ka4 49. Nf4 Kb3 50. Ne6 Bc2 51. Nf4 Ka4 52. Ne2 Ka5 53. Nf4 Kb6 54. Nd5+ Ka5 55. Nf4 Kb6 56. Nd5+ Ka5 57. Nf4 1/2-1/2

[Event "4NCL Online Division 5"]
[Site "online"]
[Date "2021.10.05"]
[EventDate "2021.10.05"]
[Round "4.113"]
[White "Ranade, Akshay"]
[WhiteElo "1176"]
[WhiteTeam "Cork"]
[Black "Burnton, Joshua"]
[BlackElo "1374"]
[BlackTeam "MHJ Bishops"]
[Result "1-0"]
[PlyCount "69"]

1. c4 e5 2. g3 Bc5 3. Bg2 Nf6 4. Nc3 c6 5. d3 d6 6. Nf3 Bf5 7. O-O Nbd7 8. a3 a5 9. Rb1 Ba7 10. b4 Rb8 11. b5 O-O 12. Bb2 Re8 13. e4 Bg6 14. Qd2 Nc5 15. Ba1 Qd7 16. h3 Rbd8 17. Kh2 h5 18. Nh4 Bh7 19. f4 exf4 20. Rxf4 Qe6 21. Ne2 Nfd7 22. Nd4 Qe7 23. bxc6 Ne5 24. Nhf5 Qc7 25. Nb5 Qb8 26. c7 Qc8 27. cxd8=Q Rxd8 28. Nxa7 Qe6 29. Nb5 Nexd3 30. Rh4 Bxf5 31. Nd4 Qd7 32. Nxf5 Ne5 33. Bxe5 dxe5 34. Qxd7 Rxd7 35. Rb5 1-0

[Event "4NCL Online Division 5"]
[Site "online"]
[Date "2021.10.05"]
[EventDate "2021.10.05"]
[Round "4.114"]
[White "Qiu, Calvin"]
[WhiteElo "976"]
[WhiteTeam "MHJ Bishops"]
[Black "Shindgi, Sumanth"]
[BlackElo "1111"]
[BlackTeam "Cork"]
[Result "0-1"]
[PlyCount "54"]

1. e4 c5 2. Nf3 Nc6 3. Bc4 e6 4. d4 cxd4 5. Nxd4 Ne5 6. Bb3 Nf6 7. Nc3 Bb4 8. Qe2 O-O 9. Bg5 h6 10. Bf4 Ng6 11. Bd2 d5 12. e5 Bxc3 13. exf6 Bxd4 14. fxg7 Bxg7 15. Qh5 Qh4 16. Qf3 Bxb2 17. g3 Qe4+ 18. Qxe4 dxe4 19. Rb1 Bg7 20. Bb4 Rd8 21. O-O a5 22. Bc5 b5 23. Bb6 Rd2 24. a4 b4 25. Be3 Rd7 26. Rfc1 Bb7 27. Bd2 Rxd2 0-1

[Event "4NCL Online Division 5"]
[Site "online"]
[Date "2021.10.05"]
[EventDate "2021.10.05"]
[Round "4.121"]
[White "Rida, Ruqayyah"]
[WhiteElo "1655"]
[WhiteTeam "Colchester JFF A"]
[Black "Kosznik, Dariusz"]
[BlackElo "1867"]
[BlackTeam "Dundee City C"]
[Result "1-0"]
[PlyCount "77"]

1. e4 e6 2. d4 d5 3. Nd2 c5 4. exd5 Qxd5 5. dxc5 Bxc5 6. Ngf3 Nf6 7. Bd3 O-O 8. O-O Nc6 9. a3 e5 10. Bc4 Qd6 11. Qe2 Bf5 12. Nb3 Bb6 13. Be3 Bxe3 14. fxe3 Bg4 15. Rad1 Qc7 16. e4 Rac8 17. Bd3 a5 18. Qf2 a4 19. Nbd2 Nd8 20. h3 Bxf3 21. Nxf3 Ne6 22. g3 h6 23. Kg2 Rfd8 24. Rd2 Nc5 25. Qe2 Nfd7 26. Nh4 Nxd3 27. cxd3 Nc5 28. Nf5 Ne6 29. Qg4 Kf8 30. Nxh6 Nf4+ 31. gxf4 gxh6 32. f5 Rxd3 33. Rxd3 Qc2+ 34. Rf2 Qxd3 35. f6 Ke8 36. Qg8+ Kd7 37. Qxf7+ Kc6 38. Qe6+ Kc5 39. Qxc8+ 1-0

[Event "4NCL Online Division 5"]
[Site "online"]
[Date "2021.10.05"]
[EventDate "2021.10.05"]
[Round "4.122"]
[White "Mooney, Graham"]
[WhiteTitle "CM"]
[WhiteElo "1880"]
[WhiteTeam "Dundee City C"]
[Black "Catabay, Mae Katelyn Rose"]
[BlackElo "1586"]
[BlackTeam "Colchester JFF A"]
[Result "1-0"]
[PlyCount "97"]

1. e4 e5 2. Nc3 Nf6 3. f4 d6 4. Nf3 Nc6 5. Bb5 exf4 6. d4 Bd7 7. Bxf4 Be7 8. Qe2 O-O 9. O-O-O a6 10. Bc4 b5 11. Bb3 Na5 12. e5 Nxb3+ 13. axb3 Nh5 14. Be3 Qc8 15. Nd5 Re8 16. Qf2 Be6 17. Nxe7+ Rxe7 18. Qh4 Re8 19. Qxh5 Bg4 20. Qh4 dxe5 21. dxe5 Qf5 22. Qg5 Qxg5 23. Bxg5 Bxf3 24. gxf3 Rxe5 25. Rd8+ Rxd8 26. Bxd8 c5 27. f4 Rf5 28. Bc7 f6 29. Kd2 g5 30. fxg5 fxg5 31. Ke2 h5 32. Rd1 c4 33. bxc4 Rc5 34. Bd6 Rxc4 35. c3 Re4+ 36. Kf3 Re6 37. Bc5 Rf6+ 38. Kg2 Rf5 39. Bd4 Rd5 40. Re1 Kf7 41. b4 h4 42. Re5 Rxe5 43. Bxe5 Ke6 44. Bd4 g4 45. Bf2 h3+ 46. Kg3 Kf5 47. Bb6 Kg5 48. Bc7 Kf5 49. Bd8 1-0

[Event "4NCL Online Division 5"]
[Site "online"]
[Date "2021.10.05"]
[EventDate "2021.10.05"]
[Round "4.123"]
[White "Chung, Vince"]
[WhiteElo "1462"]
[WhiteTeam "Colchester JFF A"]
[Black "Anderson, James"]
[BlackElo "1630"]
[BlackTeam "Dundee City C"]
[Result "0-1"]
[PlyCount "96"]

1. e4 c6 2. d4 d5 3. c4 Nf6 4. Nc3 dxe4 5. f3 exf3 6. Nxf3 e6 7. Bd3 Be7 8. O-O Nbd7 9. Re1 O-O 10. Bf4 Bb4 11. Qc2 Bxc3 12. bxc3 Re8 13. Bg5 h6 14. Bxf6 Nxf6 15. d5 cxd5 16. cxd5 Nxd5 17. Bh7+ Kh8 18. Be4 Nf6 19. Rad1 Qc7 20. g3 Bd7 21. Nd4 Qb6 22. Rb1 Qc5 23. Rxb7 e5 24. Rb4 exd4 25. Rxd4 Bc6 26. Kf1 Bxe4 27. Rdxe4 Nxe4 28. Rxe4 Rxe4 29. Qxe4 Rc8 30. Qg4 Qc4+ 31. Qxc4 Rxc4 32. Ke2 Rxc3 33. Kd2 Ra3 34. Ke2 Rxa2+ 35. Kf3 Rxh2 36. g4 Rb2 37. Kf4 a5 38. g5 hxg5+ 39. Kxg5 a4 40. Kf4 a3 41. Ke5 a2 42. Kd5 a1=Q 43. Kc5 Qc1+ 44. Kd4 Rd2+ 45. Ke3 Qe1+ 46. Kf3 Rf2+ 47. Kg3 Qg1+ 48. Kh3 Rh2# 0-1

[Event "4NCL Online Division 5"]
[Site "online"]
[Date "2021.10.05"]
[EventDate "2021.10.05"]
[Round "4.124"]
[White "Flood, Raymond"]
[WhiteElo "1623"]
[WhiteTeam "Dundee City C"]
[Black "Baig, Huzaifa"]
[BlackElo "1339"]
[BlackTeam "Colchester JFF A"]
[Result "0-1"]
[PlyCount "96"]

1. Nf3 g6 2. g3 Bg7 3. Bg2 e6 4. O-O Ne7 5. d3 d5 6. Nbd2 O-O 7. Re1 Nd7 8. e4 dxe4 9. dxe4 e5 10. Qe2 b6 11. b3 Bb7 12. Bb2 Re8 13. Rad1 Nc6 14. Nc4 Qe7 15. Bh3 Rad8 16. Ba3 Nc5 17. b4 Na4 18. Rxd8 Qxd8 19. Qe3 b5 20. Na5 Nxa5 21. Qxa7 Nc4 22. Qxb7 Nxa3 23. Qc6 Qe7 24. Bf1 Qe6 25. Bxb5 Nxb5 26. Qxb5 Nc3 27. Qc5 Nxa2 28. b5 Qd6 29. Qc4 Nb4 30. Ng5 Qe7 31. Nxf7 Qxf7 32. Qxb4 Rd8 33. Kg2 Rd4 34. Qc5 Qc4 35. Qe7 Rxe4 36. Ra1 Qf7 37. Qd8+ Bf8 38. Qd3 Rd4 39. Qe3 Qd5+ 40. f3 Rd2+ 41. Kh3 Qe6+ 42. g4 Rxc2 43. Ra8 h5 44. Qh6 Qf6 45. Rxf8+ Qxf8 46. Qxg6+ Kh8 47. Qxc2 Qxf3+ 48. Kh4 Qxg4# 0-1

[Event "4NCL Online Division 5"]
[Site "online"]
[Date "2021.10.05"]
[EventDate "2021.10.05"]
[Round "4.131"]
[White "Catabay, Rezin C"]
[WhiteElo "1347"]
[WhiteTeam "Colchester JFF B"]
[Black "Marchettini, Cristiano"]
[BlackElo "1515"]
[BlackTeam "Catford Cosmonauts 4"]
[Result "1-0"]
[PlyCount "165"]

1. e4 e5 2. Nf3 Nc6 3. Bc4 Bc5 4. O-O Nf6 5. c3 d6 6. d4 exd4 7. cxd4 Bb6 8. Nc3 Bg4 9. d5 Ne5 10. Be2 Nxf3+ 11. Bxf3 Bxf3 12. Qxf3 O-O 13. Bg5 Bd4 14. Rfd1 Be5 15. Rac1 h6 16. Bh4 Re8 17. Re1 c6 18. Bg3 cxd5 19. exd5 Qa5 20. Bxe5 Rxe5 21. Rxe5 dxe5 22. d6 Rd8 23. Qxb7 Rxd6 24. Qb8+ Rd8 25. Qb7 Rd7 26. Qc8+ Rd8 27. Qc4 Rd2 28. b4 Qb6 29. Nd1 Nd5 30. Qc8+ Kh7 31. Qf5+ Qg6 32. Qxe5 Nxb4 33. Qc3 Nxa2 34. Qxd2 Nxc1 35. Qxc1 a5 36. Qa3 Qb1 37. Qa4 Qc1 38. Qe4+ Kg8 39. Qe2 a4 40. Qe8+ Kh7 41. Qxa4 Qd2 42. Ne3 Qc1+ 43. Nf1 Qe1 44. f3 Qc1 45. Qe4+ Kg8 46. Qe8+ Kh7 47. Qxf7 Qc5+ 48. Kh1 Qc1 49. Qf5+ Kg8 50. Qd3 Qe1 51. Kg1 Qa5 52. Ne3 Qe1+ 53. Nf1 Qa5 54. Qc4+ Kh7 55. Qc8 Qb6+ 56. Kh1 Qf2 57. Qc4 Qe1 58. Qe4+ Qxe4 59. fxe4 Kg6 60. Ne3 Kf6 61. Nf5 Ke5 62. Nxg7 Kxe4 63. Ne8 Kf4 64. g3+ Kf3 65. Kg1 h5 66. Nf6 h4 67. gxh4 Kf4 68. h5 Kg5 69. Ne4+ Kxh5 70. Kg2 Kg4 71. h3+ Kh4 72. Nd6 Kh5 73. Kg3 Kg5 74. h4+ Kh5 75. Kh3 Kg6 76. Kg4 Kh6 77. h5 Kg7 78. Kg5 Kh7 79. h6 Kg8 80. Kg6 Kh8 81. Nf7+ Kg8 82. h7+ Kf8 83. h8=Q+ 1-0

[Event "4NCL Online Division 5"]
[Site "online"]
[Date "2021.10.05"]
[EventDate "2021.10.05"]
[Round "4.132"]
[White "Hunt, Iain"]
[WhiteElo "1238"]
[WhiteTeam "Catford Cosmonauts 4"]
[Black "Shiva, Shrishti"]
[BlackElo "1342"]
[BlackTeam "Colchester JFF B"]
[Result "1/2-1/2"]
[PlyCount "114"]

1. d4 d5 2. Nf3 Nf6 3. g3 Bf5 4. Bg2 e6 5. O-O Be7 6. c4 c6 7. Qb3 Qb6 8. c5 Qxb3 9. axb3 Nbd7 10. Nc3 O-O 11. b4 a6 12. Bd2 Ne4 13. Bf4 Ndf6 14. Nxe4 Nxe4 15. Nd2 Nxd2 16. Bxd2 Bf6 17. Bc3 Rfe8 18. e3 Bd3 19. Rfe1 Rad8 20. h4 Bf5 21. Rec1 Bd3 22. Bf1 Be4 23. b5 axb5 24. Ra7 Rb8 25. Rca1 Bc2 26. Ba5 Bd8 27. Bc3 Bf6 28. Ba5 Bd8 29. Bc3 Be7 30. Ba5 Kf8 31. Bc7 Rbc8 32. Bf4 Ba4 33. Ra3 Bc2 34. Rxb7 h6 35. Bd6 Bxd6 36. cxd6 Rcd8 37. d7 Re7 38. Raa7 f6 39. Bh3 f5 40. Kf1 Bd3+ 41. Ke1 Kf7 42. Kd2 Be4 43. Rc7 Kf6 44. f4 h5 45. Kc3 Bf3 46. Kb4 Be2 47. Kc5 Bc4 48. Kxc6 g6 49. Kd6 b4 50. Rc8 Rexd7+ 51. Rxd7 Rxc8 52. Rc7 Rxc7 53. Kxc7 b3 54. Kd6 Kf7 55. Ke5 Ke7 56. Bg2 Bd3 57. Bf3 Bc4 1/2-1/2

[Event "4NCL Online Division 5"]
[Site "online"]
[Date "2021.10.05"]
[EventDate "2021.10.05"]
[Round "4.133"]
[White "Balaggan, Karam S"]
[WhiteElo "1315"]
[WhiteTeam "Colchester JFF B"]
[Black "Hillier, Stanley"]
[BlackElo "1175"]
[BlackTeam "Catford Cosmonauts 4"]
[Result "1/2-1/2"]
[PlyCount "91"]

1. e4 e5 2. Nf3 Nc6 3. Bb5 Nf6 4. O-O a6 5. Ba4 Nxe4 6. d4 exd4 7. Bxc6 dxc6 8. Nxd4 Bc5 9. Be3 Bxd4 10. Bxd4 O-O 11. Nc3 Nxc3 12. Bxc3 Qxd1 13. Raxd1 Bf5 14. Rc1 Rfd8 15. Rfe1 Re8 16. Red1 Red8 17. Rxd8+ Rxd8 18. Be5 Bxc2 19. Bxc7 Rd1+ 20. Rxd1 Bxd1 21. Bb6 f5 22. f4 h6 23. g3 g5 24. Kf2 g4 25. Ke3 Kf7 26. Kd4 Ke6 27. Bc7 Kd7 28. Be5 b5 29. Bg7 h5 30. Ke5 c5 31. Kxf5 c4 32. Kg5 b4 33. f5 Ke7 34. f6+ Kf7 35. Kf4 c3 36. bxc3 bxc3 37. Ke3 c2 38. Kd2 a5 39. a3 a4 40. Kc1 Kg6 41. Kd2 Kf7 42. Kc1 Ke6 43. Kb2 Kf7 44. Kc1 Kg8 45. Kb2 Kf7 46. Kc1 1/2-1/2

[Event "4NCL Online Division 5"]
[Site "online"]
[Date "2021.10.05"]
[EventDate "2021.10.05"]
[Round "4.134"]
[White "Asthana, Arushi"]
[WhiteElo "1100"]
[WhiteTeam "Catford Cosmonauts 4"]
[Black "Beer, James"]
[BlackElo "1275"]
[BlackTeam "Colchester JFF B"]
[Result "0-1"]
[PlyCount "57"]

1. e4 e5 2. Nf3 Nc6 3. Bc4 Bc5 4. c3 Nf6 5. O-O Nxe4 6. b4 Bb6 7. d3 Nd6 8. d4 Nxc4 9. dxe5 N4xe5 10. Nxe5 Nxe5 11. Qe2 Qf6 12. b5 O-O 13. Ba3 d6 14. Nd2 Bd7 15. Ne4 Qf5 16. c4 Qg4 17. Rae1 Qxe2 18. Rxe2 Nxc4 19. Bc1 Na3 20. Bxa3 Bxb5 21. Nc3 Bxe2 22. Nxe2 Rfe8 23. Nf4 Re4 24. g3 Ra4 25. Bc1 Rxa2 26. h4 Re8 27. h5 g5 28. Nh3 g4 29. Ng5 0-1

[Event "4NCL Online Division 5"]
[Site "online"]
[Date "2021.10.05"]
[EventDate "2021.10.05"]
[Round "4.141"]
[White "Wedge, David C"]
[WhiteElo "1877"]
[WhiteTeam "Hebden Bridge 2"]
[Black "Love, James"]
[BlackElo "1597"]
[BlackTeam "Crowthorne 2"]
[Result "1/2-1/2"]
[PlyCount "107"]

1. e4 e6 2. d4 d5 3. Nc3 Bb4 4. e5 c5 5. a3 Bxc3+ 6. bxc3 cxd4 7. cxd4 Nc6 8. f4 Nge7 9. Nf3 O-O 10. Bd3 Qa5+ 11. Bd2 Qc7 12. O-O Nf5 13. c3 a6 14. g4 Nfe7 15. Qc2 g6 16. Nh4 Bd7 17. f5 exf5 18. gxf5 Rac8 19. Bh6 Nxd4 20. cxd4 Qxc2 21. Bxc2 Rfd8 22. Rf2 Rc4 23. Raf1 Rxd4 24. fxg6 hxg6 25. Nf3 Rc4 26. Bg5 Re8 27. Bxe7 Rxe7 28. Re1 Bg4 29. Kg2 Bxf3+ 30. Kxf3 Rc3+ 31. Re3 Rxe3+ 32. Kxe3 Rxe5+ 33. Kd4 Rh5 34. Bb3 Rh3 35. Bxd5 b5 36. Bxf7+ Kg7 37. Bd5 Rxa3 38. Kc5 Kh6 39. Kb6 b4 40. Ra2 Kh5 41. Kc5 a5 42. Rxa3 bxa3 43. Kb5 Kh4 44. Kxa5 Kh3 45. Kb4 a2 46. Bxa2 Kxh2 47. Kc3 g5 48. Kd3 g4 49. Bd5 g3 50. Ke3 Kh3 51. Ke2 Kh2 52. Kf1 Kh3 53. Kg1 g2 54. Bxg2+ 1/2-1/2

[Event "4NCL Online Division 5"]
[Site "online"]
[Date "2021.10.05"]
[EventDate "2021.10.05"]
[Round "4.142"]
[White "Rao, Shree"]
[WhiteElo "1533"]
[WhiteTeam "Crowthorne 2"]
[Black "Leonard, Pete"]
[BlackElo "1864"]
[BlackTeam "Hebden Bridge 2"]
[Result "0-1"]
[PlyCount "50"]

1. d4 Nf6 2. Bf4 c5 3. c3 Qb6 4. b3 cxd4 5. cxd4 Nc6 6. e3 g6 7. Nd2 d5 8. Ngf3 Bf5 9. Be2 Bg7 10. O-O O-O 11. Nh4 Bd7 12. Bd3 Nh5 13. Bg3 Nxg3 14. fxg3 e5 15. Kh1 exd4 16. exd4 Qxd4 17. Qc2 Nb4 18. Qc7 Qxd3 19. Qxd7 Bxa1 20. Nhf3 Bc3 21. Rd1 Qc2 22. Rf1 Bxd2 23. Nxd2 Qxd2 24. Qg4 Nd3 25. h4 Nf2+ 0-1

[Event "4NCL Online Division 5"]
[Site "online"]
[Date "2021.10.05"]
[EventDate "2021.10.05"]
[Round "4.143"]
[White "Hill, Ollie"]
[WhiteElo "1724"]
[WhiteTeam "Hebden Bridge 2"]
[Black "McKean, Matthew"]
[BlackElo "1000"]
[BlackTeam "Crowthorne 2"]
[Result "1-0"]
[PlyCount "50"]

1. d4 d5 2. c4 Nf6 3. Nc3 Bf5 4. Bg5 h6 5. Bxf6 gxf6 6. cxd5 e5 7. dxe5 fxe5 8. e4 Bh7 9. Bb5+ Nd7 10. Nf3 f6 11. O-O Bc5 12. Nxe5 c6 13. Qh5+ Ke7 14. Qf7+ Kd6 15. dxc6 fxe5 16. cxd7 a6 17. Qd5+ Kc7 18. Qxc5+ Kb8 19. Qxe5+ Ka7 20. Ba4 Rg8 21. Qc5+ b6 22. Qd6 Rxg2+ 23. Kxg2 Rc8 24. dxc8=N+ Qxc8 25. Qe7+ Qb7 1-0

[Event "4NCL Online Division 5"]
[Site "online"]
[Date "2021.10.05"]
[EventDate "2021.10.05"]
[Round "4.144"]
[White "De Silva, Teah"]
[WhiteElo "965"]
[WhiteTeam "Crowthorne 2"]
[Black "Kerrane, John"]
[BlackElo "1673"]
[BlackTeam "Hebden Bridge 2"]
[Result "1-0"]
[PlyCount "139"]

1. d4 d5 2. c4 e6 3. Nf3 Nf6 4. e3 c6 5. Bd3 Be7 6. O-O Nbd7 7. Ne5 O-O 8. Nc3 Qc7 9. Nxd7 Bxd7 10. b3 Rfe8 11. f3 Bd6 12. f4 c5 13. Nb5 Bxb5 14. cxb5 cxd4 15. exd4 Rac8 16. f5 e5 17. dxe5 Bxe5 18. Rb1 Bxh2+ 19. Kh1 Be5 20. Be3 b6 21. Rc1 Qd7 22. Bg5 Ne4 23. Bxe4 Rxc1 24. Bxc1 Qxb5 25. Bxd5 Kh8 26. Bxf7 Rf8 27. Ba3 Rc8 28. Be6 Rb8 29. Bd7 Qa5 30. Re1 Qxa3 31. Rxe5 Qb4 32. Re8+ Rxe8 33. Bxe8 Qh4+ 34. Kg1 Qe7 35. Bb5 Qe3+ 36. Kf1 Qf4+ 37. Ke1 Qe3+ 38. Be2 Qg1+ 39. Bf1 Qe3+ 40. Qe2 Qc1+ 41. Kf2 Qf4+ 42. Kg1 Qd4+ 43. Qf2 Qd7 44. f6 Qf7 45. Qd4 Qxf6 46. Qxf6 gxf6 47. a4 a5 48. g4 Kg7 49. Bc4 h6 50. b4 Kg6 51. bxa5 bxa5 52. Kf2 Kg5 53. Kf3 h5 54. gxh5 Kxh5 55. Kf4 Kg6 56. Be6 Kg7 57. Kf5 Kf8 58. Kxf6 Ke8 59. Ke5 Kd8 60. Kd5 Kc7 61. Kc5 Kb7 62. Kb5 Ka7 63. Kxa5 Kb8 64. Kb4 Ka7 65. Bd5 Ka6 66. a5 Ka7 67. Kb5 Kb8 68. a6 Ka7 69. Be4 Kb8 70. Kb6 1-0

[Event "4NCL Online Division 5"]
[Site "online"]
[Date "2021.10.05"]
[EventDate "2021.10.05"]
[Round "4.151"]
[White "Mo, Alex"]
[WhiteElo "1423"]
[WhiteTeam "Streatham C"]
[Black "Marshall, Michael"]
[BlackElo "1903"]
[BlackTeam "Anglian Avengers 3"]
[Result "0-1"]
[PlyCount "130"]

1. d4 Nf6 2. c4 e6 3. Nc3 Bb4 4. a3 Bxc3+ 5. bxc3 b6 6. Nf3 Bb7 7. Bg5 h6 8. Bh4 O-O 9. e3 Nc6 10. Bd3 Na5 11. O-O Rc8 12. Qc2 g5 13. Bg3 d6 14. h3 Ba6 15. Qa4 c5 16. Nd2 Qe7 17. e4 cxd4 18. cxd4 Nd7 19. Rac1 Bb7 20. e5 dxe5 21. dxe5 Nc5 22. Qc2 Rfd8 23. Bh7+ Kh8 24. Rfd1 Bc6 25. Nf3 Ba4 26. Rxd8+ Rxd8 27. Qb1 Nxc4 28. Qb4 Kxh7 29. Qxc4 Rd3 30. Qb4 Rb3 31. Qd2 Rxa3 32. Ne1 Nb3 33. Qd3+ Kg7 34. Rb1 Na5 35. Qe4 Bc6 36. Qg4 Ra4 37. Qh5 Re4 38. Nf3 Nc4 39. Rc1 b5 40. h4 g4 41. Nh2 f5 42. Nf1 Qf7 43. Qxf7+ Kxf7 44. f3 gxf3 45. gxf3 Re2 46. Nh2 Bd5 47. Bf2 a5 48. Bc5 a4 49. Rc3 Rxe5 50. Bb4 Re2 51. h5 Rb2 52. Bc5 b4 53. Rd3 a3 54. Bd4 Rd2 55. Rxd2 Nxd2 56. Kf2 b3 57. Ke2 Nc4 58. Kd1 b2 59. Kc2 Bc6 60. Nf1 Ba4+ 61. Kb1 e5 62. Bc3 Bd1 63. Nh2 Be2 64. Ka2 Bd3 65. Bxb2 axb2 0-1

[Event "4NCL Online Division 5"]
[Site "online"]
[Date "2021.10.05"]
[EventDate "2021.10.05"]
[Round "4.153"]
[White "Yordanov, Denislav"]
[WhiteElo "1390"]
[WhiteTeam "Streatham C"]
[Black "Kent, Rowan"]
[BlackElo "1495"]
[BlackTeam "Anglian Avengers 3"]
[Result "1-0"]
[PlyCount "113"]

1. e4 e5 2. Nf3 Nc6 3. Bc4 Bc5 4. O-O d6 5. h3 Be6 6. Nc3 Bxc4 7. d3 Be6 8. Bd2 Nf6 9. Re1 h6 10. a3 Nd4 11. Nxd4 Bxd4 12. Be3 Bb6 13. Bxb6 axb6 14. d4 O-O 15. dxe5 dxe5 16. Qxd8 Rfxd8 17. Rad1 Kf8 18. Kh2 Ke7 19. Kg1 Rxd1 20. Rxd1 Rd8 21. Rxd8 Kxd8 22. b3 Kd7 23. f3 Ng8 24. Kf2 Ne7 25. Ne2 Nc6 26. Ke3 f5 27. g4 g6 28. exf5 gxf5 29. Kd3 f4 30. c4 Na5 31. Ke4 Nxb3 32. Kxe5 Bxc4 33. Nxf4 Nc5 34. Kf6 Ne6 35. Ng6 Bd3 36. Ne5+ Kd6 37. Nxd3 Ng5 38. Kg6 Nxh3 39. Kxh6 c5 40. g5 c4 41. g6 Ke7 42. g7 Kf7 43. Ne5+ Kg8 44. Nd7 Ng5 45. Kxg5 Kxg7 46. Ne5 c3 47. Nd3 Kf7 48. f4 Ke6 49. f5+ Kd5 50. f6 Kd4 51. Nb4 Kc4 52. f7 Kb3 53. f8=Q Kxa3 54. Nd5+ Kb2 55. Qb4+ Ka2 56. Nxc3+ Ka1 57. Qb1# 1-0

[Event "4NCL Online Division 5"]
[Site "online"]
[Date "2021.10.05"]
[EventDate "2021.10.05"]
[Round "4.154"]
[White "Wells, Heather Enid"]
[WhiteElo "1239"]
[WhiteTeam "Anglian Avengers 3"]
[Black "McNeil, Eric Dylan"]
[BlackElo "1061"]
[BlackTeam "Streatham C"]
[Result "0-1"]
[PlyCount "90"]

1. e4 c6 2. d4 d5 3. exd5 cxd5 4. c4 Nf6 5. Nc3 Nc6 6. Nf3 dxc4 7. Bxc4 g6 8. Be3 Bg7 9. O-O O-O 10. Qd2 a6 11. a3 b5 12. Ba2 Bb7 13. Rac1 e6 14. h3 Ne7 15. Qe2 Nfd5 16. Bd2 Nf5 17. Qd3 Qd7 18. Rfe1 Rac8 19. Ne4 Rxc1 20. Rxc1 Rc8 21. b4 Rxc1+ 22. Bxc1 Nfe7 23. Ne5 Qc7 24. Nc5 Bxe5 25. dxe5 Bc8 26. Bd2 Qxe5 27. g3 Qa1+ 28. Bb1 Qg7 29. Qe4 Nf5 30. g4 Nd6 31. Qf3 Qb2 32. Qd1 Qxa3 33. Bh6 Qxh3 34. Qe2 Qxh6 35. Ne4 Nxe4 36. Qxe4 Qf4 37. Qxf4 Nxf4 38. f3 g5 39. Kh2 f6 40. Be4 e5 41. Kg3 h6 42. Kf2 Kf7 43. Bc2 Ke7 44. Ke3 Nd5+ 45. Ke4 Nxb4 0-1

[Event "4NCL Online Division 5"]
[Site "online"]
[Date "2021.10.05"]
[EventDate "2021.10.05"]
[Round "4.161"]
[White "Walsh, Shaun"]
[WhiteElo "1412"]
[WhiteTeam "Downend 2"]
[Black "Zsibrita, Steve"]
[BlackElo "1496"]
[BlackTeam "Hertford 3"]
[Result "1/2-1/2"]
[PlyCount "62"]

1. e4 e5 2. Nf3 Nf6 3. Nxe5 Nc6 4. Nf3 Nxe4 5. d3 Nf6 6. Bg5 Bc5 7. Nc3 h6 8. Bh4 O-O 9. Qd2 Re8+ 10. Be2 Nd4 11. O-O Nxe2+ 12. Nxe2 d5 13. Qc3 Be7 14. Rfe1 Bg4 15. Ne5 Qd6 16. Bg3 Qb6 17. Nxg4 Nxg4 18. Qd4 Nf6 19. Qxb6 cxb6 20. Nc3 Bb4 21. Be5 Nd7 22. Bd4 Bxc3 23. Bxc3 Rac8 24. Rxe8+ Rxe8 25. Re1 Rxe1+ 26. Bxe1 f6 27. Kf1 Kf7 28. Ke2 Ke6 29. Ke3 Nc5 30. Kf4 a5 31. Bc3 Nd7 1/2-1/2

[Event "4NCL Online Division 5"]
[Site "online"]
[Date "2021.10.05"]
[EventDate "2021.10.05"]
[Round "4.162"]
[White "Humeniuk, Michael"]
[WhiteElo "1515"]
[WhiteTeam "Hertford 3"]
[Black "Brown, Keanu"]
[BlackElo "1400"]
[BlackTeam "Downend 2"]
[Result "0-1"]
[PlyCount "74"]

1. e4 c6 2. Nf3 d5 3. exd5 cxd5 4. d4 Nc6 5. Bd3 Nf6 6. Nc3 Bg4 7. Be2 e6 8. O-O Bd6 9. h3 Bf5 10. a3 O-O 11. Bd3 Ne4 12. Ne2 Qc7 13. Be3 Ne7 14. Qc1 Rfe8 15. Bf4 Nf6 16. Bxd6 Qxd6 17. Qd2 a6 18. Ne5 Bxd3 19. Qxd3 Nf5 20. c3 b5 21. Rfe1 Rab8 22. Qd2 a5 23. Nf4 Ne4 24. Qe2 b4 25. axb4 axb4 26. Ra6 Rb6 27. Rea1 bxc3 28. Rxb6 Qxb6 29. bxc3 Nxc3 30. Qc2 Qc7 31. Rc1 Rc8 32. Kh1 Nxd4 33. Qd3 Qxe5 34. g3 h6 35. Rxc3 Rxc3 36. Qxc3 g5 37. Nd3 Qe4+ 0-1